00582nam a22001577a 4500020001500000082001600015100002300031245010000054260004800154300001900202500002000221650002700241942000700268999001700275952013200292 a8121940559 a621.382 ANA aAnand, Er. Rishabh aWireless Communications for the students of B.E./B.Tech. of all Technical universities of India aNew Delhi, IndiabS. Chand & Co. Ltd.c2012 a410 p.bill. ; aIncludes index. aWireless Communication cBK c12568d12568 001040708NFICaCLbCLcGENd2013-12-27eAllied Book Companyg392.40l0o621.382 ANApSEECS013139r2014-01-08w2014-01-08yBK